00398 a2200145 4500003000400000005001700004008004100021020001800062040000900080082001700089100002600106245006400132260004200196300001400238OSt20210706103509.0210706b ||||| |||| 00| 0 eng d a9788173718922 coclc a547.2bKRU/F aKrupadanam, G L David aFundamentals of Asymmetric Synthesis/cG L David Krupadanam aHyderabad:bUniversity Press,cc2013. a460 pages